Mind Master (Record no. 12075)

MARC details
000 -LEADER
fixed length control field 00250nam a22000977a 4500
008 - FIXED-LENGTH DATA ELEMENTS--GENERAL INFORMATION
fixed length control field 221018b |||||||| |||| 00| 0 eng d
020 ## - INTERNATIONAL STANDARD BOOK NUMBER
International Standard Book Number 9789351951506
100 ## - MAIN ENTRY--PERSONAL NAME
Personal name Anand Vishwanathan
9 (RLIN) 7584
245 ## - TITLE STATEMENT
Title Mind Master
260 ## - PUBLICATION, DISTRIBUTION, ETC. (IMPRINT)
Place of publication, distribution, etc. Noida
Name of publisher, distributor, etc. Hachette Book
Date of publication, distribution, etc. 2019
Holdings
Withdrawn status Lost status Source of classification or shelving scheme Damaged status Koha normalized classification for sorting Not for loan Home library Current library Shelving location Date acquired Total Checkouts Full call number Barcode Date last seen Date last checked out Price effective from Koha item type
    Dewey Decimal Classification   ANA_794_000000000000000   Good Samaritan School Library Good Samaritan School Library Biography 10/18/2022 6 ANA794 ANA17304 10/08/2024 10/03/2024 10/18/2022 BOOK

Powered by Koha